000 00666nam a2200205Ii 4500
003 JO-AjNU
008 230605s9999||||xx |||||||||||||| ||und||
040 _aJO-AjNU
_bara
_erda
_cJO-AjNU
041 _aara
050 1 4 _aBP80.M87.M33
100 3 _aمحمود،عبد الحليم,
_eauthor
_938391
245 0 0 _aالعارف بالله أبو العباس المرسي
250 _aط2
264 3 1 _aالقاهرة:دار الشعب،د.ت
300 _a157ص
336 _atext
_btxt
_2rdacontent
337 _aunmediated
_bn
_2rdamedia
338 _avolume
_bnc
_2rdacarrier
650 4 _aالمتصوفون-تراجم-ابو العباس المرسي
_938392
999 _aA16126
_c19694
_d19694